UNESCO World Heritage Sites - Statistics

General Stats
  • This quiz has been taken 33 times
  • The average score is 81 of 212
Answers on the Map
Answers color-coded by a green-red scale on the quiz's map according to % correct below.
 
Answer Stats
Hint Answer % Correct
Istanbul
82%
Old City of Jerusalem
79%
Latvia Pyramids of Giza
79%
Works of Antoni Gaudi
79%
Grand Canyon National Park
75%
Machu Picchu
75%
Mexico City
75%
Nepal Paris, Banks of the Seine
75%
Denmark Rio de Janeiro
75%
Rome
75%
Jordan Galapagos Islands
71%
Indonesia Old Havana
71%
Laos Saint Peter's Basilica
71%
Chichen Itza
68%
Panama City
68%
Petra
68%
UK Taj Mahal
68%
Austria Uluru National Park
68%
Victoria Falls
68%
Poland Acropolis
64%
Ancient Kyoto
64%
Canal Ring Area of Amsterdam
64%
Damascus
64%
India Dubrovnik
64%
France Forbidden City
64%
Argentina Great Barrier Reef
64%
Lima
64%
Iran Prague
64%
Santiago de Compostela
64%
USA The Great Wall
64%
Timbuktu
64%
Lithuania Valley of the Kings, Luxor & Karnak
64%
Benin Vienna
64%
Egypt Angkor
61%
Archeological Site of Carthage
61%
Edinburgh
61%
Everglades National Park
61%
South Africa Kasbah of Algiers
61%
Salto Angel Falls
61%
Tower of Belem, Lisbon
61%
Warsaw
61%
Yellowstone National Park
61%
Alhambra, Grenada
57%
Imperial Citadel of Hanoi
57%
Kiev
57%
Krakow
57%
Saint Petersburg
57%
Sana'a
57%
Bangladesh Sydney Opera House
57%
Venice
57%
Yosemite National Park
57%
Turkey Bali Landscapes
54%
Croatia Central Amazon
54%
Cuzco
54%
Kathmandu Valley
54%
Porto
54%
Rabat
54%
Riga
54%
Statue of Liberty
54%
Stonehenge
54%
Malawi Tallinn
54%
Romania Agra Fort
50%
Côte d'Ivoire Brasilia
50%
Fortifications of Luxembourg
50%
Peru Forts of Accra
50%
Germany Iguazu National Park
50%
Krak des Chevaliers
50%
Botswana La Grand Place, Brussels
50%
South Korea Medieval City of Rhodes
50%
Medina of Tunis
50%
Spain Rapa Nui National Park
50%
Belgium Salzburg
50%
Valletta
50%
Bolivia Walled City of Baku
50%
Luxembourg Abu Simbel & Philae
46%
Dominican Republic Budapest & the Banks of the Danube
46%
Hiroshima Peace Memorial
46%
Kilimanjaro National Park
46%
Lake Baikal
46%
Medina of Fez
46%
Santo Domingo
46%
Shalamar Gardens of Lahore
46%
Vilnius
46%
Babylon
43%
Vietnam Bam
43%
Venezuela Esfahan
43%
Florence
43%
Ha Long Bay
43%
Saudi Arabia Jesuit Block of Cordoba
43%
Kremlin & Red Square
43%
Medina of Marrakesh
43%
Serengeti National Park
43%
Ghana Terracotta Army of Xian
43%
Aleppo
39%
Bergen
39%
Bern
39%
Brazil Brugge
39%
Greece Fortress of Cartagena
39%
Ukraine Persepolis
39%
Samarkand
39%
Socotra Archipelago
39%
DRC (Congo) Tikal National Park
39%
Zanzibar
39%
Uzbekistan Aachen Cathedral
36%
Portugal Archeological Site of Delphi
36%
Archeological Site of Troy
36%
Malaysia Asmara
36%
Tajikistan Borobudur Temple
36%
Panama Castles of Berlin & Potsdam
36%
Giant's Causeway
36%
Jeddah
36%
Jeju Volcanic Island
36%
Ecuador Old Quebec
36%
Mexico Palace of Versailles
36%
Paramaribo
36%
Japan Quito
36%
Costa Rica Salvador de Bahia
36%
Tower of London
36%
Tyre
36%
Alcazar, Seville
32%
Syria Archeological Site of Olympia
32%
Norway Avignon Papal Palace
32%
Iraq Brno
32%
Suriname City of Jaipur
32%
Fort Jesus, Mombasa
32%
Lake District
32%
Morocco Mont Saint Michel
32%
Colombia Okavango Delta
32%
China Old Bridge of Mostar
32%
Marshall Islands Split
32%
Teotihuacan
32%
Estonia Valparaiso
32%
White City of Tel-Aviv
32%
Eritrea Glacier International Park
29%
Czech Republic Komodo National Park
29%
Mali Lalibela Churches
29%
Luang Prabang
29%
Russia Macao
29%
Pompei
29%
Ethiopia Potala Palace
29%
Site of Palmyra
29%
Acre
25%
Auschwitz Birkenau
25%
Afghanistan Bamiyan Buddhas
25%
Pakistan Cologne Cathedral
25%
Geoglyphs of Nasca
25%
Lake Malawi National Park
25%
Senegal Red Fort, Delhi
25%
Volcanoes of Kamchatka
25%
Bethlehem
21%
Cappadocia
21%
Chile City of Potosi
21%
Drakensberg Park
21%
Himeji-jo
21%
Australia Lord Howe Island Group
21%
Lviv
21%
Robben Island
21%
Yemen Tabriz Bazaar
21%
Wadi Rum Desert
21%
Malta Aksum
18%
Bukhara
18%
New Zealand Cirques of Reunion Island
18%
Guatemala Cocos Island
18%
Danube Delta
18%
Djenné
18%
Leaning Tower of Pisa
18%
Medina of Essaouira
18%
Palace of Westminster
18%
Vatican City Qutb Minar, Delhi
18%
Israel Roskilde Cathedral
18%
Bosnia The Sundarbans
18%
Uxmal
18%
Switzerland Ahmedabad
14%
Ashur
14%
Bikini Atoll Nuclear Site
14%
Cambodia Blue Hole Barrier Reef
14%
Azerbaijan Fraser Island
14%
Hebron
14%
Island of Gorée
14%
Island of Saint Louis
14%
Kairouan
14%
Mount Kenya National Park
14%
Belize Palace of Schönbrunn
14%
Pamukkale
14%
Samarra
14%
Straits of Malacca
14%
Iceland Virunga National Park
14%
Costiera Amalfitana
11%
Cuba Fernando de Noronha Reserve
11%
Independence Hall
11%
Algeria Los Glacieres National Park
11%
Transylvania
11%
Tanzania Vatnajökull National Park
11%
West Norwegian Fjords
11%
Baalbek
7%
Byblos
7%
Uganda Champagne Cellars
7%
Cliff of Bandiagara, Dogons
7%
Coiba National Park
7%
Zambia Golestan Palace, Tehran
7%
Italy Ilulissat Icefjord
7%
Monastery of the Escurial, Madrid
7%
Netherlands Opera House Bayreuth
7%
Tunisia Prambanan Temple
7%
Rwenzori Mountains National Park
7%
Lebanon Saint Catherine Monastery
7%
Southern Alps
7%
Hungary Grand-Bassam
4%
Hwaseong Fortress
4%
Palestine Museuminsel Berlin
4%
Pamir Mountains
4%
Canada Royal Palaces of Abomey
4%
No matching quizzes found
Score Distribution
Percent of People with Each Score
Percentile by Number Answered
Your Score History
You have not taken this quiz